000
00307nam a2200133 a 4500
005
20140414093826.0
008
090511s19uu xx 00 eng d
050
_a
CDB 540
_b
CHE 2008
245
_a
Chemistry textbook.
250
_a
3rd edition
650
_a
Chemistry.
942
_c
AVM
999
_c
108466
_d
108466